000 00539nam a22002177a 4500
003 UA-OsUOA
001 46403
007 ta
008 20070614b un ||||| |||| 00| 0 ukr d
100 _aСеменова Ю.
090 _a330
_bС-11
942 _cSA
040 _aUA-OsUOA
_bukr
_cUA-OsUOA
_dUA-OsUOA
245 _aМеханізм інфляції попиту в Україні
300 _aС.83-92
955 _a0
041 _aukr
080 _a330
773 0 _w46387
650 7 _a330 Економіка взагалі
_2UDC
999 _c332498
_d332498